00377nam a2200109Ia 4500008004100000245008900041245002300130260000900153650001300162999001900175952007300194171211s9999 xx 000 0 und d aNative American In The Land Of The Shogun: Ranald Macdonald And The Opening Of Japan cFrederik L. Schodt c2003 xMilitary c348313d348313 001040aCLbCLd2017-12-11l0r2017-12-11 00:00:00w2017-12-11yCBE